000 00773nam a22002057a 4500
999 _c25871
_d25871
005 20190228134312.0
010 _aB-284984 B-448168-180, B-216026
020 _a0140186808
_c250.00
020 _a9780140186802
_c250.00
035 _aB-284984 B-448168-180, B-216019, B-216026,B-216021
037 _bUBH (Vender)
082 _aN
100 _aAnand, Mulk Raj
245 _aCoolie /
_cby Mulk Raj Anand
260 _aNew Delhi
_bPenguin Books
_c1993
270 _a11, Community Centre, Panchsheel Park,
_bNew Delhi
_e110017
300 _a282p.
_c20cm. (pbk)
942 _2ddc
_cEN
_hN
_mANA